Complex variables and applications (Record no. 3507)

000 -LEADER
fixed length control field 00586nam a22002297a 4500
001 - CONTROL NUMBER
control field 3507
003 - CONTROL NUMBER IDENTIFIER
control field BD-DhUET
008 - FIXED-LENGTH DATA ELEMENTS--GENERAL INFORMATION
fixed length control field 141101b xxu||||| |||| 00| 0 eng d
020 ## - INTERNATIONAL STANDARD BOOK NUMBER
International Standard Book Number 0070108552
040 ## - CATALOGING SOURCE
Transcribing agency 0
Modifying agency BD-DhUET
082 ## - DEWEY DECIMAL CLASSIFICATION NUMBER
Classification number 517.8
Item number CHU/1974
100 ## - MAIN ENTRY--PERSONAL NAME
Personal name Churchill, Ruel V.
245 ## - TITLE STATEMENT
Title Complex variables and applications
250 ## - EDITION STATEMENT
Edition statement 3rd ed.
260 ## - PUBLICATION, DISTRIBUTION, ETC. (IMPRINT)
Place of publication, distribution, etc. New York
Name of publisher, distributor, etc. McGraw-Hill
Date of publication, distribution, etc. 1974
300 ## - PHYSICAL DESCRIPTION
Extent x, 332 p.
Other physical details ill.
Dimensions 23 cm.
504 ## - BIBLIOGRAPHY, ETC. NOTE
Bibliography, etc Includes bibliographies
650 #0 - SUBJECT ADDED ENTRY--TOPICAL TERM
Topical term or geographic name as entry element Complex variables
700 ## - ADDED ENTRY--PERSONAL NAME
Personal name Brown, James W.
700 ## - ADDED ENTRY--PERSONAL NAME
Personal name Verhey, Roger F.
942 ## - ADDED ENTRY ELEMENTS (KOHA)
Koha item type General Book
Holdings
Not for loan Damaged status Lost status Copy number Source of classification or shelving scheme Date acquired Koha date last borrowed Koha date last seen Koha normalized classification for sorting Koha item type Piece designation (barcode) Koha full call number Location (home branch) Koha renewals Shelving location Sublocation or collection (holding branch) Withdrawn status Price effective from
   1 2014-11-01 2014-11-01517_800000000000000_CHU_1974General Book39411517.8/CHU/1974Central Library, BUET Circulation sectionCentral Library, BUET 2014-11-01
   2 2014-11-01 2014-11-01517_800000000000000_CHU_1974General Book43301517.8/CHU/1974Central Library, BUET Circulation sectionCentral Library, BUET 2014-11-01
   3 2014-11-01 2014-11-01517_800000000000000_CHU_1974General Book45109517.8/CHU/1974Central Library, BUET Circulation sectionCentral Library, BUET 2014-11-01
   4 2014-11-01 2016-05-18517_800000000000000_CHU_1974General Book52889517.8/CHU/1974Central Library, BUET Circulation sectionCentral Library, BUET 2014-11-01
   5 2014-11-17 2016-04-02517_800000000000000_CHU_1974General Book37655517.8/CHU/1974Central Library, BUET Circulation sectionCentral Library, BUET 2014-11-17
   6 2014-11-17 2016-08-30517_800000000000000_CHU_1974General Book58032517.8/CHU/1974Central Library, BUET2Circulation sectionCentral Library, BUET 2014-11-17
   7 2015-05-030000-00-002015-05-03517_800000000000000_CHU_1974General Book52887517.8/CHU/1974Central Library, BUET Circulation sectionCentral Library, BUET 2015-05-03
   8 2015-05-03 2015-05-03517_800000000000000_CHU_1974General Book37654517.8/CHU/1974Central Library, BUET Circulation sectionCentral Library, BUET 2015-05-03
   9 2015-05-04 2015-05-04517_800000000000000_CHU_1974General Book39412517.8/CHU/1974Central Library, BUET Circulation sectionCentral Library, BUET 2015-05-04
   10 2015-05-20 2015-05-20517_800000000000000_CHU_1974General Book58033517.8/CHU/1974Central Library, BUET Circulation sectionCentral Library, BUET 2015-05-20
   11 2015-06-13 2015-06-13517_800000000000000_CHU_1974Reading Item24535517.8/CHU/1974Central Library, BUET Reading sectionCentral Library, BUET 2015-06-13
   12 2015-07-13 2015-07-13517_800000000000000_CHU_1974General Book43304517.8/CHU/1974Central Library, BUET Circulation sectionCentral Library, BUET 2015-07-13